[Event "World Open"]
[Site "Philadelphia USA"]
[Date "2008.07.06"]
[Round "8"]
[White "Becerra Rivero,J"]
[Black "Najer,E"]
[Result "0-1"]
[WhiteElo "2598"]
[BlackElo "2670"]

1.e4 c5 2.Nf3 d6 3.c3 Nf6 4.Be2 g6 5.O-O Bg7 6.Re1 O-O 7.Bf1 Nc6 8.d3 h6
9.a3 e5 10.b4 Be6 11.Nbd2 b5 12.Bb2 Qb6 13.Rb1 a6 14.Ba1 Rfe8 15.h3 cxb4
16.axb4 d5 17.Bb2 Rad8 18.Ra1 Nh5 19.Qc2 Ng3 20.Nb3 Nxf1 21.Rxf1 dxe4 22.dxe4 Bc4
23.Rfe1 Bd3 24.Qc1 Bf8 25.Nc5 a5 26.Nxd3 Rxd3 27.bxa5 Nxa5 28.Qc2 Red8 29.Red1 Rxd1+
30.Rxd1 Rxd1+ 31.Qxd1 Nc4 32.Bc1 Qa5 33.Qe1 Qa1 34.g3 Kh7 35.Kg2 Bc5 36.h4 Qa2
37.Nd2 Nd6 38.Qd1 h5 39.Qb3 Qa1 40.Qc2 Qa4 41.Qb3 Qa1 42.Qc2 Qa4 43.Qb3 Qxb3
44.Nxb3 Bb6 45.Kf3 Nc4 46.Ke2 f5 47.f3 Kg7 48.Nd2 Kf7 49.Nf1 Ke6 50.Kd3 Bd8
51.exf5+ gxf5 52.Bg5 Bb6 53.Bh6 Kd5 54.Bg7 Bc7 55.Bf8 Bd8 56.Bg7 Bc7 57.Bf8 e4+
58.Ke2 Be5 59.Bb4 Ke6 60.Kf2 Nb2 61.Ke3 exf3 62.Kxf3 Na4 63.c4 bxc4 64.Ne3 Nb2
65.Nc2 c3 66.Ke2 Kd5 67.Kf3 Nc4 68.Be7 Nd2+ 69.Ke3 Nf1+ 70.Kd3 Nxg3 71.Ne3+ Ke6
72.Bb4 Ne4 73.Nd1 Bf6 74.Ba5 Bd4 75.Bc7 Kd5 76.Bf4 Nc5+ 77.Kc2 Kc4 78.Be3 Nb3
79.Bg5 Na1+ 80.Kc1 Kd3  0-1

[Event "World Open"]
[Site "Philadelphia USA"]
[Date "2008.07.06"]
[Round "9"]
[White "Lenderman,A"]
[Black "Becerra Rivero,J"]
[Result "1/2-1/2"]
[WhiteElo "2439"]
[BlackElo "2598"]

1.d4 d5 2.c4 c6 3.cxd5 cxd5 4.Nc3 Nf6 5.Bf4 e6 6.e3 a6 7.Bd3 Be7 8.h3 O-O
9.Nf3 b5 10.O-O Bb7 11.Rc1 Nbd7 12.Qe2 Rc8 13.Ne5 Nb6 14.Rc2 Nc4 15.Nb1 Nd7
16.Nxd7 Qxd7 17.Rfc1 g6 18.b3 Nd6 19.Rc5 Rfd8 20.Qe1 Ne8 21.Rxc8 Rxc8 22.Rxc8 Qxc8
23.Qc3 Qc6 24.Qxc6 Bxc6 25.Kf1 f6 26.f3 Kf7 27.Ke2 g5 28.Bh2 h5 29.g4 hxg4
30.hxg4 Bf8 31.Bg3 Ke7 32.Be1 Kd7 33.Bd2 Bd6 34.f4 Bc7 35.fxg5 fxg5 36.Nc3 Nf6
37.Kf3 e5 38.Bf5+ Ke8 39.dxe5 Bxe5 40.e4 Bxc3 41.Bxc3 Nxe4 42.Bb4 Nc3 43.Ke3 Nxa2
44.Bg6+ Kd7 45.Bd2 b4 46.Kd4 a5 47.Bxg5 Nc3 48.Bf5+ Ke8 49.Be3 Bd7 50.Bg6+ Ke7
51.g5 Kd6 52.Bf4+ Ke6 53.Be3 Kd6 54.Bf4+ Ke6 55.Bd2 Ne4 56.Bc1 a4 57.bxa4 Bxa4
58.Bh7 Be8 59.Bg8+ Kf5 60.Bxd5  1/2-1/2

[Event "Open"]
[Site "Miami USA"]
[Date "2008.09.12"]
[Round "5"]
[White "Becerra Rivero,J"]
[Black "Florean,A"]
[Result "1/2-1/2"]
[WhiteElo "2598"]
[BlackElo "2403"]

1.e4 c5 2.Nf3 d6 3.d4 cxd4 4.Nxd4 Nf6 5.Nc3 a6 6.Bg5 e6 7.f4 Nbd7 8.Qf3 Qc7
9.O-O-O b5 10.Bd3 Bb7 11.Rhe1 Qb6 12.Qe3 b4 13.Na4 Qa5 14.b3 Nc5 15.Bxf6 gxf6
16.Kb1 Nxa4 17.bxa4 Qc5 18.f5 e5 19.Nb3 Qxe3 20.Rxe3 Bc6 21.Na5 Bxa4 22.Bc4 Rc8
23.Bb3 Bb5 24.Bd5 Bh6 25.Rh3 Bf4 26.Bb7 Rc7 27.Rxd6 Ke7 28.Rb6 Rg8 29.Nc6+ Bxc6
30.Bxc6 h6 31.Rxa6 Rxg2 32.Kb2 Rxh2 33.Rxh2 Bxh2 34.Kb3 h5 35.Kxb4 h4 36.Kb5 Bg1
37.Ra8 h3 38.Re8+ Kd6 39.Rd8+ Ke7 40.Re8+  1/2-1/2

[Event "Open"]
[Site "Miami USA"]
[Date "2008.09.13"]
[Round "6"]
[White "Bartholomew,J"]
[Black "Becerra Rivero,J"]
[Result "1/2-1/2"]
[WhiteElo "2440"]
[BlackElo "2598"]

1.Nf3 d5 2.d4 Nf6 3.c4 c6 4.Nc3 a6 5.e3 b5 6.b3 Bg4 7.h3 Bxf3 8.gxf3 e6 9.c5 g6
10.f4 Bg7 11.Qc2 O-O 12.Bd3 Nbd7 13.Bb2 a5 14.Ne2 Nh5 15.a3 Qh4 16.Ng1 Qe7
17.O-O-O f5 18.Nf3 Bf6 19.h4 a4 20.b4 Kf7 21.Rdg1 Rh8 22.Be2 Rag8 23.Qd1 Kf8
24.Kb1 Qe8 25.Rg2 Bd8  1/2-1/2

[Event "USCL 2008"]
[Site "ICC INT"]
[Date "2008.10.29"]
[Round "10"]
[White "Becerra Rivero,J"]
[Black "Bhat,V"]
[Result "1/2-1/2"]
[WhiteElo "2602"]
[BlackElo "2498"]

1.e4 e6 2.d4 d5 3.Nc3 Bb4 4.e5 c5 5.a3 Bxc3+ 6.bxc3 Ne7 7.Qg4 cxd4 8.Qxg7 Rg8
9.Qxh7 Qc7 10.Ne2 dxc3 11.f4 Nbc6 12.Qd3 Bd7 13.Nxc3 a6 14.Rb1 Na5 15.h4 Nf5
16.Rh3 O-O-O 17.h5 Nc4 18.h6 Rg6 19.h7 Rh8 20.Ne4 dxe4 21.Qxc4 Qxc4 22.Bxc4 Rxg2
23.Bxa6 bxa6 24.Rc3+ Bc6 25.Rxc6+ Kd7 26.Rxa6 Rxh7 27.Ra7+ Kc8 28.Ra8+ Kc7
29.Ra7+ Kc8 30.Ra8+  1/2-1/2

[Event "Pan-American Continental"]
[Site "Boca Raton USA"]
[Date "2008.11.02"]
[Round "1"]
[White "Becerra Rivero,J"]
[Black "Melekhina,A"]
[Result "1-0"]
[WhiteElo "2602"]
[BlackElo "2299"]

1.e4 e5 2.Nf3 Nc6 3.Bb5 a6 4.Ba4 Nf6 5.O-O Nxe4 6.d4 b5 7.Bb3 d5 8.dxe5 Be6
9.Be3 Be7 10.c3 O-O 11.Nbd2 Qd7 12.Re1 Nxd2 13.Qxd2 Na5 14.Bc2 Nc4 15.Qd3 g6
16.Bc1 c5 17.b3 Na5 18.Bh6 Rfd8 19.Ng5 Nc6 20.Qg3 d4 21.Nxe6 Qxe6 22.f4 d3
23.Bxd3 Bh4 24.Qxh4 Rxd3 25.Rad1 Rad8 26.Rxd3 Rxd3 27.Qf6 Qxf6 28.exf6 Rd8
29.g4 b4 30.c4 a5 31.Kf2 Rd2+ 32.Kf1 Rd8 33.h3 Ra8 34.Kf2 Rd8 35.f5 gxf5
36.gxf5 Rc8 37.Re4 Nb8 38.Rg4+ Kh8 39.Bg7+ Kg8 40.Bh6+ Kh8 41.Rg7 Rc7 42.Bf4 Rb7
43.Bxb8 Rxb8 44.Rxf7 a4 45.Rc7 Kg8 46.Rxc5 Rd8 47.Rd5  1-0

[Event "Pan-American Continental"]
[Site "Boca Raton USA"]
[Date "2008.11.03"]
[Round "3"]
[White "Becerra Rivero,J"]
[Black "Sarkar,J"]
[Result "1-0"]
[WhiteElo "2602"]
[BlackElo "2451"]

1.e4 e6 2.d4 d5 3.Nc3 Nc6 4.Nf3 Nf6 5.Bd3 Bb4 6.e5 Ne4 7.Bd2 Nxd2 8.Qxd2 f6
9.Bb5 Bd7 10.exf6 gxf6 11.O-O Kf7 12.Rfe1 Qg8 13.Bf1 h5 14.a3 Bd6 15.Nb5 a6
16.Nxd6+ cxd6 17.c4 Ne7 18.Qf4 Nf5 19.cxd5 Qg4 20.Qd2 exd5 21.h3 Qg7 22.Qa5 Bc6
23.Bd3 Rhg8 24.Nh4 Ne7 25.Rxe7+  1-0

[Event "USCL KO 2008"]
[Site "ICC INT"]
[Date "2008.11.19"]
[Round "2"]
[White "Becerra Rivero,J"]
[Black "Zivanic,M"]
[Result "1/2-1/2"]
[WhiteElo "2602"]
[BlackElo "2465"]

1.e4 c5 2.Nf3 e6 3.Nc3 Nc6 4.Bb5 Nd4 5.O-O a6 6.Bd3 Ne7 7.Nxd4 cxd4 8.Ne2 d5
9.c3 Nc6 10.cxd4 Be7 11.e5 Qb6 12.b3 Nxd4 13.Bb2 Nxe2+ 14.Qxe2 O-O 15.Kh1 Bd7
16.f4 Rac8 17.Qh5 g6 18.Qh6 Rfe8 19.Rf3 Bf8 20.Qh4 Be7 21.Qh6 Bf8 22.Qh4 Be7
23.Qh6  1/2-1/2

[Event "UTD Invitational GM"]
[Site "Richardson USA"]
[Date "2008.11.26"]
[Round "2"]
[White "Becerra Rivero,J"]
[Black "Ramirez,Alej"]
[Result "1/2-1/2"]
[WhiteElo "2602"]
[BlackElo "2533"]

1.e4 Nf6 2.e5 Nd5 3.d4 d6 4.Nf3 dxe5 5.Nxe5 c6 6.Be2 Nd7 7.Nxd7 Qxd7 8.c4 Nf6
9.Nc3 e6 10.O-O Be7 11.Bf3 O-O 12.Be3 Rd8 13.Qa4 Qc7 14.Rfd1 e5 15.d5 Bd7
16.dxc6 bxc6 17.h3 Rab8 18.Qc2 Qa5 19.a3 c5 20.Rd2 Be6 21.Nd5 Bxd5 22.cxd5 h6
23.Rad1 Bd6 24.Qf5 Qa4 25.Bxh6 gxh6 26.Qxf6 Qf4 27.Qxf4 exf4 28.Rc1 Re8 29.Kf1 Kg7
30.Rc4 Rb6 31.Bd1 f5 32.Ra4 Re7 33.b3 Kf6 34.Re2 Be5 35.Rc4 Rc7 36.Rd2 Bd6
37.Bc2 Ra6 38.a4 Rb6 39.Ke2 Rb4 40.Rxb4 cxb4 41.Bd3 Rc1 42.Bc4 a5 43.Kd3 Be5
44.Ke2 Bd6  1/2-1/2

[Event "UTD Invitational GM"]
[Site "Richardson USA"]
[Date "2008.11.29"]
[Round "7"]
[White "Boskovic,D"]
[Black "Becerra Rivero,J"]
[Result "1/2-1/2"]
[WhiteElo "2452"]
[BlackElo "2602"]

1.e4 e5 2.Nf3 Nc6 3.Bc4 Nf6 4.d3 Be7 5.O-O O-O 6.c3 d6 7.Bb3 Na5 8.Bc2 c5
9.Nbd2 Nc6 10.Re1 Be6 11.Nf1 h6 12.Ng3 Re8 13.h3 Rc8 14.Bb3 Bf8 15.Bxe6 Rxe6  1/2-1/2

[Event "Copper State Int"]
[Site "Mesa USA"]
[Date "2009.05.29"]
[Round "1"]
[White "Atoufi,P"]
[Black "Becerra Rivero,J"]
[Result "1/2-1/2"]
[WhiteElo "2306"]
[BlackElo "2609"]

1.e4 e5 2.Nf3 Nc6 3.Bb5 a6 4.Ba4 Nf6 5.O-O Be7 6.Qe2 b5 7.Bb3 O-O 8.c3 d5
9.d3 Bb7 10.Rd1 Re8 11.Bg5 Na5 12.Bc2 Nd7 13.Bxe7 Qxe7 14.exd5 Bxd5 15.b4 Nb7
16.c4 Bc6 17.d4 Bxf3 18.Qxf3 e4 19.Qh3 bxc4 20.Nd2 Nd6 21.Re1 f5 22.Rac1 Nb6
23.a4 a5 24.b5 Kh8 25.Nf3 Nd7 26.g4 Qf6 27.Nh4 Qg5 28.f3 Nf6 29.Qg3 f4 30.Qh3 exf3
31.Ng6+ Kg8 32.Ne5 Nf7 33.Bf5 h5 34.Nxf3 Qh6 35.gxh5 Ng5 36.Nxg5 Qxg5+ 37.Kh1 Re3
38.Rxe3 fxe3 39.Qg2 Qxg2+ 40.Kxg2 Re8 41.Kf3 Nd5 42.Bg6 Re6 43.Be4 Rf6+ 44.Kg3 Nf4
45.Bf3 Kf8 46.Re1 Ne6 47.Rxe3 Nxd4 48.Rc3 Nf5+ 49.Kg4 Nd6 50.Bd5 Rf2 51.Bxc4 Rxh2
52.Bd5 Rd2 53.Rf3+ Ke7 54.Bb3 Rd4+ 55.Kg5 Rb4 56.Re3+ Kf8 57.Rf3+ Ke7 58.Re3+ Kd8
59.Rd3 Kd7 60.Kg6 Rg4+ 61.Kh7 Ke7 62.Re3+ Kd8 63.Rd3 Ke7 64.Re3+ Kd8 65.Bc2 Ne8
66.Bg6 Nf6+ 67.Kh8 Nxh5 68.Bxh5 Rh4 69.Re8+ Kd7 70.Kxg7 Rxh5 71.Ra8 Rh4 72.Rxa5 Kc8
73.Kf6 Kb7 74.Ke5 Rh6 75.Kd5 Rg6 76.Ra6 Rxa6 77.bxa6+ Kxa6  1/2-1/2

[Event "Copper State Int"]
[Site "Mesa USA"]
[Date "2009.06.01"]
[Round "7"]
[White "Fernandez,Dani"]
[Black "Becerra Rivero,J"]
[Result "1-0"]
[WhiteElo "2369"]
[BlackElo "2609"]

1.Nf3 Nf6 2.c4 g6 3.Nc3 Bg7 4.d4 O-O 5.Bg5 d6 6.e3 Nbd7 7.Be2 a6 8.O-O c6
9.b4 Re8 10.Rc1 b5 11.Nd2 Bb7 12.Nb3 bxc4 13.Na5 Rb8 14.Bxc4 Ba8 15.Qb3 d5
16.Bxa6 e5 17.Na4 h6 18.Bh4 g5 19.Bg3 Ne4 20.Rfd1 Bf8 21.Nxc6 Bxc6 22.Rxc6 Rxb4
23.Qc2 Nb8 24.Rc8 Qd7 25.Rc7 Qd8 26.Bf1 Bd6 27.Ra7 exd4 28.Bxd6 Qxd6 29.a3 dxe3
30.fxe3 Rb6 31.Qa2 Nf6 32.Nxb6 Ng4 33.g3 Qxb6 34.Ra4 Nxe3 35.Rb1 Qc5 36.Ra8 Nd1+
37.Kh1 Re1 38.Raxb8+ Kh7 39.Rxd1 Rxd1 40.Rb1 Rd4 41.Qf2 Kg6 42.Bd3+ Kg7 43.Rb7 Qc1+
44.Kg2  1-0

[Event "110th US Open"]
[Site "Indianapolis USA"]
[Date "2009.08.06"]
[Round "6"]
[White "Barsky,S"]
[Black "Becerra Rivero,J"]
[Result "0-1"]
[WhiteElo "2087"]
[BlackElo "2557"]


1.d4 Nf6 2.Nf3 e6 3.Bg5 d5 4.e3 c5 5.Nbd2 Qb6 6.Bxf6 gxf6 7.c4 dxc4 8.Bxc4 cxd4
9.Nxd4 Bg7 10.Bb5+ Bd7 11.Bxd7+ Nxd7 12.Qa4 Qd8 13.Rd1 O-O 14.O-O Nb6 15.Qb3 Qd5
16.Qb4 Rfc8 17.N4b3 Qe5 18.e4 Qxb2 19.Nf3 Qxa2 20.Ra1 Qe2 21.Qe7 Qxe4 22.Rfe1 Qc6
23.Na5 Qc7 24.Qb4 Nd5 25.Qh4 b6 26.Nb3 Qf4 27.Qh5 Rc4 28.Rec1 Qg4  0-1

[Event "110th US Open"]
[Site "Indianapolis USA"]
[Date "2009.08.07"]
[Round "7"]
[White "Gurevich,D"]
[Black "Becerra Rivero,J"]
[Result "1/2-1/2"]
[WhiteElo "2485"]
[BlackElo "2557"]


1.d4 d5 2.c4 c6 3.Nf3 Nf6 4.Nc3 dxc4 5.a4 Bf5 6.e3 e6 7.Bxc4 Bb4 8.O-O Nbd7
9.Qe2 O-O 10.Rd1 Bg6 11.Bd2 a5 12.h3 h6 13.Rac1 Qe7 14.Bd3 Bxd3 15.Qxd3 e5
16.Ne4 exd4 17.Nxf6+ Nxf6 18.Nxd4 Rfd8 19.Qc4 Rd5 20.Qb3 Rad8 21.Bxb4 Qxb4
22.Qc2 R8d7 23.Re1 g6 24.Nf3 Ne4 25.Nd4 Re7 26.Red1 Rc5 27.Qb3 Rxc1 28.Rxc1 Qd2
29.Qc2 Qb4 30.Qb3 Qd2 31.Qc2  1/2-1/2

[Event "110th US Open"]
[Site "Indianapolis USA"]
[Date "2009.08.08"]
[Round "8"]
[White "Becerra Rivero,J"]
[Black "Andrews,T"]
[Result "1-0"]
[WhiteElo "2557"]
[BlackElo "2337"]


1.e4 c5 2.Nf3 d6 3.d4 cxd4 4.Nxd4 Nf6 5.Nc3 a6 6.Bg5 e6 7.f4 Nbd7 8.Bc4 b5
9.Bxe6 fxe6 10.Nxe6 Qa5 11.Nxf8 Rxf8 12.Qxd6 Qb6 13.O-O-O Qxd6 14.Rxd6 h6
15.Bh4 b4 16.Na4 Nh5 17.f5 Kf7 18.Rhd1 Ra7 19.Nb6 Nxb6 20.Rxb6 a5 21.g4 Nf6
22.Bxf6 gxf6 23.Rdd6 Ke7 24.e5 fxe5 25.Rxh6 Kd8 26.h4 Re8 27.Kd2 Rd7+ 28.Ke3 Rc7
29.Rbd6+ Bd7 30.Rd2 Kc8 31.Ra6 Bc6 32.Rxa5 Rh7 33.Rh2 Kb7 34.a3 Rg8 35.g5 Rxg5
36.hxg5 Rxh2 37.Rxe5 bxa3 38.bxa3 Rh3+ 39.Kf4 Rxa3 40.g6 Rf3+ 41.Kg5 Ba4
42.f6 Rg3+ 43.Kh6 Bxc2 44.Rg5 Rf3 45.f7  1-0

[Event "110th US Open"]
[Site "Indianapolis USA"]
[Date "2009.08.09"]
[Round "9"]
[White "Antal,Ge"]
[Black "Becerra Rivero,J"]
[Result "1/2-1/2"]
[WhiteElo "2479"]
[BlackElo "2557"]


1.e4 e5 2.Nf3 Nc6 3.Bc4 Nf6 4.d3 Be7 5.O-O O-O 6.Re1 d6 7.c3 Na5 8.Bb5 a6
9.Ba4 b5 10.Bc2 c5 11.d4 Nd7 12.Nbd2 cxd4 13.cxd4 Nc6 14.a4 Bb7 15.Nf1 Nxd4
16.Nxd4 exd4 17.axb5 axb5 18.Rxa8 Qxa8 19.Qxd4 Rc8 20.Ne3 Ne5 21.Qd1 g6 22.Bd2 Bxe4
23.Bxe4 Qxe4 24.Bc3 Qd3 25.Nd5 Qxd1 26.Nxe7+ Kf8 27.Nxg6+ hxg6 28.Rxd1 Ke7
29.f4 Nc6 30.g4 f6 31.Rc1 Ke6 32.Kf2 Ne7 33.Re1+ Kf7 34.Rd1 Ke6 35.Re1+ Kf7
36.Rd1 Ke6 37.Re1+ Kf7 38.Rd1 Ke6  1/2-1/2

[Event "USCL 2009"]
[Site "ICC INT"]
[Date "2009.09.21"]
[Round "4"]
[White "Becerra Rivero,J"]
[Black "Ehlvest,J"]
[Result "1/2-1/2"]
[WhiteElo "2557"]
[BlackElo "2614"]

1.e4 e5 2.Nf3 Nc6 3.Bb5 a6 4.Ba4 Nf6 5.O-O Be7 6.Re1 b5 7.Bb3 O-O 8.d3 d6
9.c3 Nd7 10.Nbd2 Nb6 11.Nf1 Na5 12.Bc2 c5 13.h3 Nc6 14.Ng3 g6 15.d4 cxd4
16.cxd4 Nxd4 17.Nxd4 exd4 18.b3 d3 19.Bxd3 Bf6 20.Bh6 Re8 21.Rc1 Bb7 22.Bf4 Be5
23.Qd2 Nd7 24.Bb1 Nf8 25.Bg5 Qb8 26.Ne2 Ne6 27.Be3 Rd8 28.f4 Bg7 29.Nd4 Nc5
30.Bf2 Re8 31.e5 Ne6 32.Nxe6 Rxe6 33.exd6 Rxd6 34.Qe2 Re6 35.Qg4 f5 36.Qg5 Rxe1+
37.Rxe1 Qd8 38.Bxf5 Qxg5 39.Be6+ Kh8 40.fxg5 Rd8 41.Bf7 Bf8 42.Be3 Bb4 43.Rf1 Bd2
44.Bb6 Rd3 45.Bc7 Re3 46.Rd1 Kg7 47.Rxd2 Kxf7 48.Kf2 Re4 49.g3 Bc6 50.Bf4 a5
51.Rc2 Re6 52.Rc5 Ke8 53.Bc7 a4 54.bxa4 bxa4 55.Be5 Bd7 56.g4 Rc6 57.Ra5 Rc2+
58.Kg3 Kf7 59.a3 Ke6 60.Bf6 Ra2 61.Re5+ Kd6 62.Re3 Be6 63.Bc3 Kd5 64.Bb4 Rb2
65.Rd3+ Ke4 66.Rd6 Rb3+ 67.Kf2 Bc4 68.h4 Rb2+ 69.Ke1 Re2+ 70.Kd1 Rh2 71.Be1 Bb3+
72.Kc1 Re2 73.Bd2 Rh2 74.h5 gxh5 75.gxh5  1/2-1/2

[Event "USCL 2009"]
[Site "ICC INT"]
[Date "2009.10.07"]
[Round "6"]
[White "Wolff,Pa"]
[Black "Becerra Rivero,J"]
[Result "1-0"]
[WhiteElo "2564"]
[BlackElo "2557"]

1.e4 e5 2.Nf3 Nc6 3.Bc4 Nf6 4.d3 Be7 5.O-O O-O 6.Re1 d6 7.a4 Na5 8.Ba2 c5
9.Nc3 Nc6 10.Bg5 Nb4 11.Bc4 Be6 12.h3 Nd7 13.Bd2 Nb6 14.Bxe6 fxe6 15.Ne2 Nc6
16.Ng3 Qd7 17.c3 Bf6 18.b4 Nc8 19.Qb3 N8e7 20.bxc5 dxc5 21.a5 Ng6 22.Be3 Be7
23.Nf5 Rac8 24.Red1 Kh8 25.Nxe7 Qxe7 26.Ng5 Nd8 27.d4 exd4 28.cxd4 Nf4 29.Bxf4 Rxf4
30.Qg3 Rf6 31.dxc5 Rg6 32.f4 h6 33.Qh4 Qxc5+ 34.Kh1 Qc2 35.Qh5 Rf6 36.Qe8+  1-0

[Event "SPICE Spring Inv"]
[Site "Lubbock USA"]
[Date "2010.03.13"]
[Round "1"]
[White "Papp,Ga"]
[Black "Becerra Rivero,J"]
[Result "0-1"]
[WhiteElo "2542"]
[BlackElo "2538"]

1.e4 e5 2.Nf3 Nc6 3.Bc4 Nf6 4.d3 Be7 5.O-O O-O 6.Re1 d6 7.a4 Na5 8.Ba2 c5
9.Bd2 Nc6 10.Nc3 Nb4 11.Bc4 Kh8 12.h3 Ng8 13.Nd5 Nc6 14.c3 f5 15.b4 Bf6 16.a5 Rb8
17.Qa4 cxb4 18.cxb4 Bd7 19.Qb3 Rc8 20.b5 Nd4 21.Nxd4 exd4 22.b6 a6 23.Nc7 Bh4
24.g3 Bg5 25.f4 Bh4 26.gxh4 Qxh4 27.Re2 Rf6 28.Rg2 Qxh3 29.Rf1 Rh6 30.Kf2 Nf6
31.Rfg1 fxe4 32.dxe4 Nxe4+ 33.Ke1 Qh4+ 34.Kd1 Nxd2 35.Rxd2 Qh5+ 36.Kc2 Qxa5
37.Rg5 d5 38.Rxd5 Bf5+ 39.Bd3 Rc6+ 40.Kd1 Bg4+ 41.Re2 Qa1+ 42.Qb1 Qc3 43.Re5 Rh6
44.Be4 d3 45.Qxd3 Rh1+ 46.Bxh1 Qxd3+ 47.Ke1 Bxe2 48.Bxb7 Qd1+ 49.Kf2 Qf1+
50.Ke3 Rd8  0-1

[Event "AES Dominicana"]
[Site "Santo Domingo DOM"]
[Date "2010.06.02"]
[Round "1"]
[White "De los Santos,E"]
[Black "Becerra Rivero,J"]
[Result "0-1"]
[WhiteElo "2125"]
[BlackElo "2547"]

1.c4 g6 2.g3 Bg7 3.Bg2 d6 4.e3 e5 5.Nc3 Nc6 6.Nge2 h5 7.Nd5 h4 8.Nec3 Nce7
9.e4 c6 10.Ne3 Be6 11.b3 Qd7 12.Bb2 f5 13.f3 Nf6 14.Qe2 Nh5 15.Nf1 O-O 16.Rg1 d5
17.cxd5 cxd5 18.exd5 Nxd5 19.Nxd5 Bxd5 20.O-O-O Rfe8 21.Kb1 a5 22.Qd3 Be4  0-1

[Event "UT Dallas GM Invitational"]
[Site "Richardson USA"]
[Date "2011.03.12"]
[Round "1"]
[White "Becerra Rivero,J"]
[Black "Sadorra,J"]
[Result "1/2-1/2"]
[WhiteElo "2549"]
[BlackElo "2475"]

1.e4 e6 2.d4 d5 3.Nc3 Bb4 4.exd5 exd5 5.Bd3 Nf6 6.Ne2 O-O 7.h3 Nbd7 8.O-O Re8
9.Ng3 Nf8 10.Qf3 Ne6 11.Nh5 Nxh5 12.Qxh5 g6 13.Qxd5 c6 14.Qxd8 Rxd8 15.Be3 Nxd4
16.Bg5 Rf8 17.Ne4 f5 18.Nd2 Kg7 19.Bf4 Be7 20.Rfe1 Bf6 21.Bd6 Rh8 22.Rad1 Bd7
23.c3 Ne6 24.Nc4 Rae8 25.Bc2 Nd8 26.Be5 Re7 27.Bb8 Rxe1+ 28.Rxe1 a6 29.Bb3 Nf7
30.Bc7 Re8 31.Rd1 Be6 32.Bb6 Bd5 33.Kf1 f4 34.Na5 Bxb3 35.axb3 Re7 36.b4 g5
37.Bc5 Rc7 38.Bb6 Re7 39.Bc5 Rc7 40.Ke2 Kg6 41.Nc4 h5 42.Kf3 Kf5 43.g4+ fxg3
44.Ne3+ Ke6 45.fxg3 Rd7 46.Rxd7 Ne5+ 47.Ke4 Nxd7 48.Nc4 a5 49.Bd4 axb4 50.cxb4 Be7
51.Na5 Nf6+ 52.Bxf6 Bxf6 53.b3 Bc3 54.Nxb7 Bxb4 55.Nd8+ Kd7 56.Nf7 g4 57.Ne5+ Kd6
58.hxg4 hxg4 59.Nd3 Bc3 60.Kf4 Kd5 61.Kf5 Kd4 62.Ne5 c5 63.Nd7 Be1 64.Kxg4 c4
65.bxc4 Kxc4  1/2-1/2

[Event "UT Dallas GM Invitational"]
[Site "Richardson USA"]
[Date "2011.03.13"]
[Round "2"]
[White "Chirila,I"]
[Black "Becerra Rivero,J"]
[Result "1-0"]
[WhiteElo "2513"]
[BlackElo "2549"]

1.e4 e5 2.Nf3 Nc6 3.Bb5 a6 4.Ba4 Nf6 5.O-O Nxe4 6.d4 b5 7.Bb3 d5 8.dxe5 Be6
9.c3 Be7 10.Nbd2 O-O 11.Bc2 f5 12.Nb3 Qd7 13.Nbd4 Nxd4 14.Nxd4 c5 15.Nxe6 Qxe6
16.f3 Ng5 17.Bxg5 Bxg5 18.f4 Be7 19.a4 Rad8 20.axb5 axb5 21.Kh1 Rd7 22.Qf3 g6
23.h3 h5 24.Ra5 Rb8 25.Rfa1 Bd8 26.Ra6 Bb6 27.R1a5 Qc6 28.c4 Qb7 29.Rxb6 Qxb6
30.Rxb5 Qa7 31.Rxb8+ Qxb8 32.Ba4 Ra7 33.Qxd5+ Kg7 34.b3 Qb4 35.Kh2 h4 36.Qd6 Kh7
37.e6 Qe1 38.Qxc5 Qg3+ 39.Kh1 Qe1+ 40.Kh2 Qg3+ 41.Kh1 Qe1+ 42.Qg1 Qxg1+ 43.Kxg1 Kg7
44.Bc6 Kf6 45.Bd5 Ra1+ 46.Kf2 Rb1 47.c5 Rc1 48.Bc4 Ke7 49.Ke3 Rc2 50.Kd4 Rxg2
51.Kd5 g5 52.c6 Rd2+ 53.Kc5 Kd8 54.Kb6  1-0

[Event "UT Dallas GM Invitational"]
[Site "Richardson USA"]
[Date "2011.03.14"]
[Round "4"]
[White "Becerra Rivero,J"]
[Black "Wang Puchen"]
[Result "1-0"]
[WhiteElo "2549"]
[BlackElo "2464"]

1.e4 e6 2.d4 d5 3.Nc3 Nf6 4.Bg5 Bb4 5.e5 h6 6.Bd2 Bxc3 7.bxc3 Ne4 8.Qg4 g6
9.Bd3 Nxd2 10.Kxd2 c5 11.Nf3 Nc6 12.dxc5 Qa5 13.Qf4 Qxc5 14.Nd4 Nxd4 15.Qxd4 Qxd4
16.cxd4 Bd7 17.Rhb1 Bc6 18.a4 Kd7 19.Ra3 Rac8 20.a5 Rc7 21.Be2 Ke7 22.Rbb3 Rf8
23.Rh3 Rh8 24.Rac3 Rcc8 25.Bd3 h5 26.Rg3 Ba4 27.Ra3 Bd7 28.h4 Rc7 29.Re3 Rg8
30.Rh3 Rgc8 31.Rh1 Bc6 32.Rb1 Kd7 33.g3 Rg8 34.Ke3 Ke7 35.Rc3 Rgc8 36.Kf4 Kf8
37.Rb4 Kg7 38.Rcb3 f6 39.Rc3 Bd7 40.Rcb3 Bc6 41.Ke3 f5 42.Rb2 Kh6 43.Kf4 Rg7
44.Be2 g5+ 45.hxg5+ Rxg5 46.Rb1 Rg7 47.Bf3 Rgc7 48.R4b3 Rg7 49.Be2 Rgc7 50.R3b2 Rg7
51.Rb4 Rgc7 52.Rc1 Rg7 53.Ke3 Rgc7 54.c4 Be8 55.c5 Rg7 56.Ra1 a6 57.Rab1 Rcc7
58.Rb6 Rge7 59.Kf4 Bc6 60.Rh1 Be8 61.Rd6 Rc8 62.Bf3 Bg6 63.Rb1 Kg7 64.Rbb6 Bf7
65.Kg5 Rh8 66.Kh4 Rc8 67.Be2 Rec7 68.c6 bxc6 69.Bxa6 Ra8 70.Rdxc6 Rca7 71.Bb7  1-0

[Event "UT Dallas GM Invitational"]
[Site "Richardson USA"]
[Date "2011.03.14"]
[Round "5"]
[White "Becerra Rivero,J"]
[Black "Bercys,S"]
[Result "0-1"]
[WhiteElo "2549"]
[BlackElo "2469"]

1.e4 e6 2.d4 d5 3.Nc3 Bb4 4.e5 c5 5.a3 Bxc3+ 6.bxc3 Ne7 7.Nf3 b6 8.Bb5+ Bd7
9.Bd3 c4 10.Be2 Ba4 11.h4 h6 12.h5 Kd7 13.Nh4 Qg8 14.Bg4 Qh7 15.Ra2 Na6 16.f4 Nc7
17.O-O g6 18.Be3 Rhg8 19.Qd2 Kc6 20.Kh2 Rg7 21.Bh3 Nf5 22.hxg6 fxg6 23.Nf3 Nxe3
24.Qxe3 Rf8 25.g4 Rgf7 26.f5 gxf5 27.gxf5 exf5 28.e6 Re7 29.Ne5+ Kb7 30.Rf2 Rxe6
31.Ra1 f4 32.Qf3 Ref6 33.Rg1 Rg8 34.Rg4 Rxg4 35.Qxg4 Rf8 36.Bg2 Ka6 37.Rxf4 h5
38.Qf3 Rxf4 39.Qxf4 Qe7 40.Bh3 Be8 41.Qf5 Qd6 42.Kg1 b5 43.Qc8+ Ka5 44.Bg2 Ka4
45.Qb8 Qb6 46.Qd8 Kxa3 47.Qe7+ Ka2 48.Kf2 a5 49.Ke2 b4 50.cxb4 axb4 51.Bh3 b3
52.cxb3 cxb3 53.Bf5 b2 54.Ke3 Ba4 55.Qh7 Nb5 56.Nf3 Na3 57.Qxh5 Bc2 58.Nd2 Bxf5
59.Qxf5 Nc4+ 60.Ke2 Nxd2 61.Qxd5+ Nb3 62.Qa8+ Qa5  0-1

[Event "UT Dallas GM Invitational"]
[Site "Richardson USA"]
[Date "2011.03.15"]
[Round "7"]
[White "Becerra Rivero,J"]
[Black "Zivanic,M"]
[Result "1/2-1/2"]
[WhiteElo "2549"]
[BlackElo "2497"]

1.e4 c5 2.Nf3 e6 3.d4 cxd4 4.Nxd4 a6 5.Bd3 Bc5 6.Nb3 Be7 7.O-O d6 8.Qg4 g6
9.Qe2 Nd7 10.a4 b6 11.c4 h5 12.a5 Rb8 13.Nc3 Ngf6 14.Bd2 h4 15.h3 Rh5 16.Qd1 Nc5
17.Nxc5 bxc5 18.Be2 Rh8 19.Qc2 Bb7 20.Rfd1 Qc7 21.Bf4 Nd7 22.Qa4 Kf8 23.Rd2 Kg7
24.Rad1 Bc6 25.Qa3 Ne5 26.Nd5 exd5 27.cxd5 Bb5 28.Bxb5 Rxb5 29.Bxe5+ dxe5
30.d6 Qxa5 31.Qxa5 Rxa5 32.dxe7 Re8 33.Rd7 Rb5 34.R1d5 f6 35.R5d6 Rb4 36.Rxa6 Rxe4
37.Rdd6 Rf4 38.g3 Rf5 39.g4 Rf4 40.g5 fxg5 41.Rxg6+ Kf7 42.Rh6 Kg7 43.Rag6+ Kf7
44.Rxg5 Rxe7 45.Rh7+ Kf6 46.Rxe7 Kxe7 47.Rxe5+ Kd6 48.Re3 c4 49.Kf1 Kd5 50.Ke2 Kd4
51.b3 cxb3 52.Rxb3 Ke5 53.f3 Ra4 54.Ke3 Kf5 55.Rb5+ Kf6 56.Rd5 Ra3+ 57.Ke4 Ra4+
58.Rd4 Ra1 59.Kf4 Rg1 60.Ke3 Ra1 61.Rxh4 Kg5 62.Rg4+ Kf5 63.h4 Ra3+ 64.Kf2 Ra2+
65.Kg3 Ra1 66.Rg5+ Kf6 67.Rb5 Kg6 68.Kg4 Rg1+ 69.Kf4 Ra1 70.Rg5+ Kf6 71.Rf5+ Kg6
72.Re5 Ra4+ 73.Re4 Ra1 74.Rb4 Kh5 75.Rb8 Ra4+ 76.Kg3 Ra1 77.Rh8+ Kg6 78.Kg4 Rg1+
79.Kf4 Rh1 80.Rg8+ Kf6 81.Rg4 Rh3 82.Ke4 Rh1 83.Rf4+ Kg6 84.Ke5 Re1+ 85.Re4 Ra1
86.Rc4 Kh5 87.Rd4 Re1+ 88.Re4 Rf1 89.f4 Kxh4 90.Kf6 Kh5 91.Re5+ Kh6 92.f5 Ra1
93.Kf7 Ra7+ 94.Re7 Ra8 95.f6 Rb8 96.Ra7 Kh7 97.Rd7 Kh6 98.Rd1 Rb7+ 99.Ke6 Kg6
100.Rg1+ Kh6 101.Rf1 Rb6+ 102.Kd5 Rb8 103.Ke6 Rb6+ 104.Ke5 Rb5+ 105.Kd6 Rb8
106.Rg1 Rb6+ 107.Ke5 Rb5+ 108.Ke4 Rb4+ 109.Kd5 Rb5+ 110.Kd6 Rb6+ 111.Ke5 Rb5+
112.Kd6  1/2-1/2

[Event "UT Dallas GM Invitational"]
[Site "Richardson USA"]
[Date "2011.03.17"]
[Round "8"]
[White "Bercys,S"]
[Black "Becerra Rivero,J"]
[Result "0-1"]
[WhiteElo "2469"]
[BlackElo "2549"]

1.d4 Nf6 2.c4 g6 3.Nc3 Bg7 4.e4 d6 5.Nf3 O-O 6.Be2 e5 7.O-O Nc6 8.d5 Ne7
9.Nd2 c5 10.a3 Ne8 11.b4 b6 12.Qb3 f5 13.a4 a5 14.bxa5 bxa5 15.exf5 gxf5
16.f4 exf4 17.Rxf4 Nf6 18.Rf1 Ng6 19.Bb2 Ra7 20.Rae1 Re7 21.Bd1 Bh6 22.Qc2 Ne5
23.Nb5 Bxd2 24.Rxe5 Be3+ 25.Rxe3 Rxe3 26.Qf2 f4 27.Qxf4 Ng4 28.Qxf8+ Qxf8
29.Rxf8+ Kxf8 30.Bxg4 Bxg4 31.Bc3 Ke7 32.Bxa5 Re4 33.Bc7 Rxc4 34.Bxd6+ Kd7
35.Be5 Re4 36.Bg7 Rxa4 37.h3 Bh5 38.Nc3 Rf4 39.Bh6 Rb4 40.Bf8 Bg6 41.Bg7 Rf4
42.Bh6 Rf7 43.Kh2 c4 44.Kg3 Kd6 45.Bf4+ Kc5 46.Be3+ Kb4 47.Bd4 Bf5 48.Kh4 Kb3
49.g4 Bc8 50.Kg3 Kc2 51.Be5 Re7 52.Bd4 Kd3 53.Bf6 Re3+ 54.Kh4 Bd7 55.Nd1 Rf3  0-1

[Event "UT Dallas GM Invitational"]
[Site "Richardson USA"]
[Date "2011.03.17"]
[Round "9"]
[White "Wang Puchen"]
[Black "Becerra Rivero,J"]
[Result "0-1"]
[WhiteElo "2464"]
[BlackElo "2549"]

1.Nf3 Nf6 2.g3 g6 3.Bg2 Bg7 4.O-O O-O 5.c4 d6 6.d4 Nc6 7.Nc3 a6 8.Qd3 Bd7
9.a3 e5 10.dxe5 dxe5 11.Bg5 Be6 12.Qe3 Ng4 13.Qc1 Qc8 14.h3 Nf6 15.Bxf6 Bxf6
16.Nd5 Bg7 17.Kh2 h6 18.Nd2 Kh7 19.Nb3 f5 20.Nc5 Bg8 21.Nb4 Nd8 22.Bd5 b6
23.Nd7 Qxd7 24.Bxa8 a5 25.Nd3 c6 26.Qe3 Qc7 27.Rad1 Nf7 28.c5 b5 29.Bxc6 Qxc6
30.b4 e4 31.Nf4 Ne5 32.Rd6 Qe8 33.Qc1 g5 34.Nd5 axb4 35.axb4 Nc4 36.Nc7 Qc8
37.Nxb5 Qb7  0-1

[Event "UT Dallas GM Invitational"]
[Site "Richardson USA"]
[Date "2011.03.18"]
[Round "10"]
[White "Becerra Rivero,J"]
[Black "Ramirez,Alej"]
[Result "1/2-1/2"]
[WhiteElo "2549"]
[BlackElo "2594"]

1.e4 e6 2.d4 d5 3.Nc3 Bb4 4.e5 c5 5.a3 Bxc3+ 6.bxc3 Ne7 7.Qg4 O-O 8.Bd3 Nbc6
9.Qh5 Ng6 10.Nf3 Qc7 11.Be3  1/2-1/2